Quasimodo quasi sognato /

محفوظ في:
التفاصيل البيبلوغرافية
المؤلف الرئيسي: Bottari, Lorenzo Maria
التنسيق: كتاب
اللغة:الإنجليزية
منشور في: Marnate (VA)
الوسوم: إضافة وسم
لا توجد وسوم, كن أول من يضع وسما على هذه التسجيلة!

MARC

LEADER 00000nam a2200000 4500
001 CDOM0000003840
003 mi
005 20251004003239.0
008 251004b |||||||| |||| 00| 0 eng d
040 |c mi 
100 |a Bottari, Lorenzo Maria 
245 1 |a Quasimodo quasi sognato /  |c Lorenzo Maria Bottari 
260 |a Marnate (VA) 
942 |2 ddc  |c BK 
952 |0 0  |1 0  |2 ddc  |4 0  |7 0  |9 7037  |a MI  |b MI  |d 2009-09-07  |i 5580  |l 0  |p CDOM5580  |r 2025-07-13 16:28:00  |w 2025-07-13  |x DONO DELL'AUTORE  |y BK 
999 |c 5751  |d 5751